000 00297nam a22001217a 4500
008 180207b xxu||||| |||| 00| 0 eng d
041 _aeng
080 _a617
100 _a5
101 _aKIR
245 _aPlastic and reconstructive surgery of the eye and adnexa
_cTroutman,B.C
942 _2udc
_cBK
999 _c42031
_d42031